| 000 | 00580nam a2200181Ia 4500 | ||
|---|---|---|---|
| 008 | 240729s9999 xx 000 0 und d | ||
| 022 | _a1694-7894 | ||
| 245 | 0 | _aHeart Vessels and Transplantation | |
| 260 | _aKyrgyzstan | ||
| 260 | _bCenter for Scientific Research and Development of Education. | ||
| 650 | _a Diseases of the circulatory (Cardiovascular) system | ||
| 650 | _a Internal medicine | ||
| 650 | _a Specialties of internal medicine | ||
| 650 | _aMedicine | ||
| 856 | _uhttps://doaj.org/toc/e9a2727f325f4852b38eac3c1ea206fa | ||
| 942 | _2ddc | ||
| 942 | _cDOAJEJ | ||
| 999 |
_c73347 _d73347 |
||
| 945 |
_a1 _bMadushi Gamage _c1 _dMadushi Gamage |
||